| 000 | 00000nam##2200000za#4500 |
| 001 | 9.698123 |
| 003 | CaOODSP |
| 005 | 20210624235804 |
| 007 | cr ||||||||||| |
| 008 | 150407|1999||||xxc|||||o f|0| 0 eng|d |
| 040 | |aCaOODSP|beng |
| 043 | |an-cn--- |
| 086 | 1 |aRH64-67/1999E-PDF |
| 110 | 1 |aCanada.|bHuman Resources Development Canada. |bStrategic Policy. |
| 245 | 10|aStrategic initiatives - summative evaluation of labour market information - Saskatchewan / |h[electronic resource]|c[by] Evaluation and Data Development, Strategic Policy, Human Resources Development Canada and Saskatchewan Post-Secondary Education and Skills Training. |
| 260 | |aOttawa - Ontario : |bHuman Resources Development Canada. |cMarch 1999. |
| 300 | |a84p.|bfigs., tables |
| 590 | |a13-16-Supp|b2013-07-12 |
| 690 | 07|aLabour market|2gcpds |
| 775 | 08|tInitiatives stratégiques - évaluation sommative de l'information sur le marché du travail - Saskatchewan / |w(CaOODSP)9.642116 |
| 856 | 40|ahttp://publications.gc.ca|qPDF|s375 KB|uhttps://publications.gc.ca/collections/collection_2013/rhdcc-hrsdc/RH64-67-1999-eng.pdf |
| 986 | |aSP-AH103-03-99E |